| 000 | 01242cam a2200241 4500 | ||
|---|---|---|---|
| 001 | L135996 | ||
| 008 | 061222n2006 000 0 eng u | ||
| 035 | _a(Sirsi) u135996 | ||
| 041 | 0 | _aeng | |
| 100 | 1 | _aWhitehead, Christine | |
| 110 | 1 |
_aLondon School of Economics _91264 |
|
| 245 | 0 | 2 |
_aA stake in the future _bequity stakes and landlord savings plans |
| 260 |
_aLondon Councils _c2006 |
||
| 505 | _aRelevant principles: a literature review -- The spectrum of approaches -- The empirical evidence for London. | ||
| 520 | _aSets out several recommendations to enable council housing tenants to buy a proportion of their home through equity stakes schemes. Also makes other recommendations to help council tenants save and to benefit from regeneration projects in their local areas. | ||
| 590 | _aKA | ||
| 651 | 4 | _aLONDON | |
| 690 | _aPROPERTY-RESIDENTIAL PROPERTY-DOMESTIC RESIDENTIAL PROPERTY | ||
| 700 | 1 | _aTravers, Tony | |
| 700 | 1 | _aKielland, Torunn | |
| 856 | 4 | 0 |
_uhttps://www.londoncouncils.gov.uk/search.htm?cx=012816060298198299354%3Aulbaum7l6aw&cof=FORID%3A11&ie=UTF-8&q=A+stake+in+the+future+equity+stakes+and+landlord+savings+plans#1216 _zView the report free of charge at www.londoncouncils.gov.uk... |
| 942 | _n0 | ||
| 999 |
_c106277 _d106277 |
||